00965nam a2200265Ia 450000500170000000800410001702000150005808200180007310000300009124500810012126000380020230000180024033600100025833700140026833800120028249000290029450400410032351901230036465000290048765000330051670000270054994200070057695200990058399900170068220231102150620.0120622s mx a||| r 000 0 spa d a8403190700 a338.88bB872e aBrooke, Michael Z.eautor10aEstrategia de la empresa multinacionalb / Michael Z. Brooke, H. Lee Remmers3 a[España]b : Aguilarc, [197-?] a314 páginas atexto asin medio avolumen aEconomía de la empresa aIncluye Bbibliografía (pp.305-308) aPlan Flexible / bRelaciones Internacionacionales / cAdministración Internacional Comparada (P18-1) / d(01 000715)14aEMPRESAS INTERNACIONALES24aADMINISTRACIÓN DE EMPRESAS aRemmers, H. Leeeautor cLB 00102ddc4070a22b22d2007-01-25l0o338.88 B872ep01 000715r2023-07-13t1w2012-06-24yLB c57870d57870